Filmy Pixara - nagła śmierć - Statystyki

Ogólne statystyki
  • Ten quiz został rozwiązany 383 razy
    126 od ostatniego zresetowania
  • Średni wynik to 4 z 22
Answers on the Grid
Answers color-coded by a green-red scale on the quiz's grid according to % correct below.
Dawno temu w trawie
Mrówka Z
Film o pszczołach
Wielka Szóstka
Piorun
Merida Waleczna
Buzz Lightyear of Star Command
Auta
Kurczak Mały
Coco
Dinosaur
Między nami żywiołami
Elio
Nasze magiczne Encanto
Gdzie jest Dory
Gdzie jest Nemo
Kraina lodu
Epoka lodowcowa
W głowie się nie mieści
Buzz Astral
Luca
Rodzinka Robinsonów
Vaiana
Potworna robota
Uniwersytet Potworny
Potwory i spółka
Naprzód
Skok przez płot
Samoloty
Ralph Demolka w internecie
Ratatouille
Raya i ostatni smok
Rybki z ferajny
Co w duszy gra
Dziwny świat
Dobry dinozaur
Iniemamocni
Toy Story
To nie wypanda
Odlot
WALL-E
Życzenie
Ralph Demolka
Zwierzogród
 
Statystyki odpowiedzi
Odpowiedź % Poprawnych
Dawno temu w trawie
75%
Auta
43%
Coco
23%
Gdzie jest Nemo
23%
Buzz Astral
19%
Gdzie jest Dory
19%
WALL-E
19%
Merida Waleczna
17%
Toy Story
17%
Uniwersytet Potworny
17%
Potwory i spółka
15%
Iniemamocni
11%
Odlot
11%
Luca
9%
Ratatouille
9%
W głowie się nie mieści
9%
Dobry dinozaur
8%
Między nami żywiołami
8%
Elio
6%
Naprzód
6%
Co w duszy gra
4%
To nie wypanda
4%
Nie znaleziono quizów pasujących do podanych kryteriów
Rozkład punktacji
Procent ludzi z każdym wynikiem
Percentyl według liczby udzielonych odpowiedzi
Twoja historia wyników
Nie rozwiązałeś tego quizu od ostatniego zresetowania